Quelques caméos du cinéma français... (1) - Statistiques

Statistiques générales
  • Ce quiz a été pris 27 fois
  • Le résultat moyen est 11 sur 27
Statistiques - réponses
Année Film Rôle Lien avec le film % Correct
1963 Le Mépris Assistant réalisateur Réalisateur Jean-Luc {Godard}
91%
1982 Le père Noël est une ordure La voix de l'obsédé au téléphone Aucun Michel {Blanc}
82%
1985 Subway Conducteur de RER Réalisateur Luc {Besson}
77%
1974 Borsalino & Co François Capella Jouait dans Borsalino Jean-Paul {Belmondo}
73%
1987 Tandem Candidat malchanceux Réalisateur Patrice {Leconte}
68%
1973 L'Emmerdeur Barman Réalisateur Edouard {Molinaro}
59%
1973 Je sais rien, mais je dirai tout 4 ouvriers Aucun Les {Charlots}
59%
1988 À gauche en sortant de l'ascenseur Homme qui entre dans l'ascenseur Réalisateur Edouard {Molinaro}
55%
1972 Le Grand Blond avec une chaussure noire Chef d'orchestre Réalisateur Yves {Robert}
55%
1972 Le Viager Journaliste Réalisateur Pierre {Tchernia}
50%
1997 Dobermann Client Réalisateur Jan {Kounen}
45%
2004 Blueberry, l'expérience secrète Fils du shérif Réalisateur Jan {Kounen}
45%
2013 9 mois ferme Détenu N°42 Aucun Jan {Kounen}
45%
2007 Rush Hour 3 Chauffeur de taxi Aucun Yvan {Attal}
45%
2002 Astérix et Obélix : Mission Cléopâtre Le peintre de la reine Producteur Claude {Berri}
41%
1983 Les branchés à Saint-Tropez Le commissaire de police Réalisateur Max {Pécas}
41%
1995 Les trois frères Juge d'instruction Producteur Claude {Berri}
36%
2010 Tron, l'héritage DJ Compositeur de la B.O Groupe {Daft Punk}
32%
1982 Espion, lève-toi Adjoint du héros Réalisateur Yves {Boisset}
27%
1973 L'Héritier Journaliste Réalisateur Philippe {Labro}
23%
1999 Trafic d'influence Directeur d'u funérarium Réalisateur Dominique {Farrugia}
18%
1961 La Belle américaine Journaliste Réalisateur Pierre {Tchernia}
18%
1995 La Haine Chauffeur de taxi Producteur Christophe {Rossignon}
9%
1963 Pouic-Pouic Boursier Réalisateur Jean {Girault}
9%
2004 Narco Chauffeur de car Producteur Christophe {Rossignon}
0%
1961 Le Président Interviewer Aucun Claude {Darget}
0%
1986 Autour de minuit Client d'une boîte de nuit Auteur du livre autobiographique Francis {Paudras}
0%
Aucun quiz correspondant
Distribution des résultats
% des personnes avec chaque résultat
Percentile par nombre de réponses
Votre historique - résultats
Vous n’avez pas pris ce quiz